Математическая модель переменных режимов пароводяного инжектора; Современные техника и технологии

Bibliographic Details
Parent link:Современные техника и технологии.— 1998.— С. 60.
Main Author: Галашов Н. Н. Николай Никитович
Other Authors: Гончарова О. А.
Language:Russian
Published: 1998
Subjects:
Format: MixedMaterials Book Chapter
KOHA link:https://koha.lib.tpu.ru/cgi-bin/koha/opac-detail.pl?biblionumber=50017

MARC

LEADER 00000naa2a2200000 4500
001 50017
005 20251225071638.0
035 |a (RuTPU)RU\TPU\book\52361 
035 |a RU\TPU\tpu\10712 
090 |a 50017 
100 |a 20030408d1998 k y0rusy50 ca 
101 0 |a rus 
102 |a RU 
200 1 |a Математическая модель переменных режимов пароводяного инжектора  |f Н. Н. Галашов, О. А. Гончарова 
463 1 |0 (RuTPU)RU\TPU\book\9322  |t Современные техника и технологии  |o труды 4-й областной научно-практической конференции студентов, аспирантов и молодых ученых. Томск, 23-24 марта 1998 г  |o Секция 1. Энергетика  |f ТПУ  |v С. 60.  |d 1998  |p 244с 
610 1 |a труды учёных ТПУ 
675 |a 62.002(063)  |v 3 
700 1 |a Галашов  |b Н. Н.  |c специалист в области энергетики  |c доцент Томского политехнического университета, кандидат технических наук  |f 1947-2025  |g Николай Никитович  |y Томск  |3 (RuTPU)RU\TPU\pers\25666  |9 11577 
701 1 |a Гончарова  |b О. А. 
801 1 |a RU  |b 63413507  |c 20030105  |g PSBO 
801 2 |a RU  |b 63413507  |c 20150630  |g PSBO 
942 |c BK